Top payers for NBA on each team (2016) - Statistics

General Stats
  • This quiz has been taken 466 times
  • The average score is 19 of 30
Answer Stats
Teams Answer % Correct
Cleveland James
92%
Golden State Curry
89%
Toronto Lowry
87%
Oklahoma City Durant
82%
Houston Harden
82%
Indiana George
80%
San Antonio Leonard
79%
New Orleans Davis
78%
La Clippers Paul
78%
portland Lillard
77%
Miami Wade
77%
Boston Thomas
75%
Washington Wall
73%
La Lakers Bryant
71%
Charlotte Walker
71%
Chicago Butler
70%
Dallas Nowitzki
70%
Sacramento Cousins
65%
Brooklyn Lopez
61%
Phoenix Booker
57%
Atlanta Millsap
52%
Utah Hayward
51%
minnesota Wiggins
50%
Milwaukee Antetokounmpo
45%
New York Porzingis
45%
Orlando Vucevic
45%
Philadelphia Okafor
28%
Denver Faried
18%
Detroit Drumond
13%
Memphis Gesol
5%
No matching quizzes found
Score Distribution
Percent of People with Each Score
Percentile by Number Answered
Your Score History
You have not taken this quiz